000 00906nam a2200253Ia 4500
003 OSt
005 20221005112446.0
006 a|||||r|||| 00| 0
007 ta
008 221004b |||||||| |||| 00| 0 pan d
020 _a9789352046010 (hbk)
_cINR 295.00
024 _a33175
037 _b779, 27/02/2017, H.K. Prakashan
_cTextual
040 _aCRL
_cCRL
_bpan
041 _2pan
_apan
082 _aO153,6x, Q7
100 _aਖ਼ਤਹਿਪੁਰੀ, ਬਲਵਿੰਦਰ ਸਿੰਘ
245 0 _aਸਾਵਧਾਨੀਆਂ
260 _aਚੰਡੀਗੜ
_bਲੋਕਗੀਤ ਪ੍ਰਕਾFਨ ਭਾਰਤ
_c2017
300 _a150ਪ੍ਰ0
_ccm.
650 _a ਪੰਜਾਬੀ ਕਹਾਣੀ
942 _hO153,6x, Q7
_cTEXL
_2cc
999 _c1024958
_d1024958